Les 2 meilleurs scoreurs (all time) par franchise NBA - Statistiques

Statistiques générales
  • Ce quiz a été pris 145 fois
  • Le résultat moyen est 31 sur 60
Statistiques - réponses
Franchises Joueurs % Correct
Cleveland Cavaliers Lebron James
95%
Chicago Bulls Michael Jordan
93%
Charlotte Hornets Dell Curry
85%
Golden State Warriors Stephen Curry
85%
Los Angeles Lakers Kobe Bryant
83%
Chicago Bulls Scottie Pippen
81%
Houston Rockets James Harden
78%
San Antonio Spurs Tim Duncan
77%
Utah Jazz Karl Malone
76%
Houston Rockets Hakeem Olajuwon
75%
Milwaukee Bucks Kareem Abdul-Jabbar
75%
Minnesota Timberwolves Kevin Garnett
75%
Dallas Mavericks Dirk Nowitzki
74%
New Orleans Pelicans David West
72%
Miami Heat Dwayne Wade
72%
Los Angeles Lakers Jerry West
72%
Oklahoma Thunder Russell Westbrook
72%
Milwaukee Bucks Giannis Antetokounmpo
71%
New York Knicks Patrick Ewing
67%
Golden State Warriors Wilt Chamberlain
67%
Detroit Pistons Isiah Thomas
66%
Portland Trail Blazers Damian Lillard
65%
Indiana Pacers Reggie Miller
63%
Philadelphie 76ers Allen Iverson
62%
Utah Jazz John Stockton
61%
Memphis Grizzlies Marc Gasol
60%
Boston Celtic Paul Pierce
59%
Atlanta Hawks Dominique Wilkins
56%
Phoenix Suns Devin Booker
55%
New Orleans Pelicans Anthony Davis
53%
Phoenix Suns Walter Davis
53%
Brooklyn Nets Brook Lopez
51%
Toronto Raptors Demar Derozan
51%
Los Angeles Clippers Blake Griffin
50%
Sacramento Kings Oscar Robertson
47%
Atlanta Hawks Bob Pettit
46%
Charlotte Hornets Kemba Walker
46%
Washington Wizards Bradley Beal
45%
Oklahoma Thunder Gary Payton
45%
Boston Celtic John Havlicek
43%
Toronto Raptors Kyle Lowry
42%
Portland Trail Blazers Clyde Drexler
41%
Orlando Magic Dwight Howard
41%
Miami Heat Alonzo Mourning
40%
Memphis Grizzlies Mike Conley
40%
Minnesota Timberwolves Karl-Anthony Towns
39%
San Antonio Spurs George Gervin
35%
Denver Nuggets Alex English
28%
Brooklyn Nets Buck Williams
28%
Detroit Pistons Joe Dumars
25%
Washington Wizards Elvin Hayes
23%
New York Knicks Walt Frazier
21%
Los Angeles Clippers Randy Smith
17%
Philadelphie 76ers Hal Greer
13%
Dallas Mavericks Rolando Blackman
12%
Denver Nuggets Dan Issel
11%
Cleveland Cavaliers Zydrunas Ilgauskas
11%
Indiana Pacers Rik Smits
9%
Orlando Magic Nick Anderson
8%
Sacramento Kings Jack Twyman
1%
Aucun quiz correspondant
Distribution des résultats
% des personnes avec chaque résultat
Percentile par nombre de réponses
Votre historique - résultats
Vous n’avez pas pris ce quiz